LEADER 00939nam0-22002771i-450- 001 990001678120403321 005 20060711105412.0 035 $a000167812 035 $aFED01000167812 035 $a(Aleph)000167812FED01 035 $a000167812 100 $a20030910d1974----km-y0itay50------ba 101 0 $aita 200 1 $a25 Years of the research Institute for soil science and agricultural chemistry of the Hungarian Academy of Sciences$fHungarian Academy of Sciences 210 $aBudapest$cAcademy of Sciences$d1974 215 $a119 p.$d25 cm 610 0 $aUniversità 610 0 $aInsegnamento agrario 676 $a630.711 801 0$aIT$bUNINA$gRICA$2UNIMARC 901 $aBK 912 $a990001678120403321 952 $a60 378.963 B 33$b45434$fFAGBC 959 $aFAGBC 996 $a25 Years of the research Institute for soil science and agricultural chemistry of the Hungarian Academy of Sciences$9371328 997 $aUNINA LEADER 01996nas 2200589-a 450 001 996205636103316 005 20240413014518.0 035 $a(CKB)1000000000696458 035 $a(CONSER)--2002222005 035 $a(EXLCZ)991000000000696458 100 $a19991203b19992008 --- a 101 0 $aeng 181 $ctxt$2rdacontent 182 $cc$2rdamedia 183 $acr$2rdacarrier 200 00$aNet connect 210 $aNew York, N.Y. $cCahners Business information$d1999-2008 210 3 $aNew York, N.Y. $cReed Business Information 215 $a1 online resource 300 $aTitle from cover. 300 $aSome issues have at head of title: Library journal; or: School library journal. 311 $aPrint version: Net connect. (DLC) 2002222005 (OCoLC)42930547 1946-8776 517 3 $aLibrary journal. 517 3 $aSchool library journal. 517 3 $aNetconnect 606 $aInternet access for library users$vPeriodicals 606 $aInternet$vPeriodicals 606 $aLibrary information networks$vPeriodicals 606 $a06.64 information storage and retrieval$3(NL-LeOCL)077593243$2bcl 606 $aInternet$2fast$3(OCoLC)fst00977184 606 $aInternet access for library users$2fast$3(OCoLC)fst00977210 606 $aLibrary information networks$2fast$3(OCoLC)fst00997774 606 $aInternet$2gtt 606 $aBibliotheken$2gtt 608 $aPeriodicals.$2fast 608 $aPeriodicals.$2lcgft 615 0$aInternet access for library users 615 0$aInternet 615 0$aLibrary information networks 615 7$a06.64 information storage and retrieval. 615 7$aInternet. 615 7$aInternet access for library users. 615 7$aLibrary information networks. 615 17$aInternet. 615 17$aBibliotheken. 676 $a020 676 $a020.5 906 $aJOURNAL 912 $a996205636103316 920 $aexl_impl conversion 996 $aNet connect$92401144 997 $aUNISA LEADER 01722nam 2200457z- 450 001 9910261138503321 005 20210211 035 $a(CKB)4100000002484707 035 $a(oapen)https://directory.doabooks.org/handle/20.500.12854/56245 035 $a(oapen)doab56245 035 $a(EXLCZ)994100000002484707 100 $a20202102d2017 |y 0 101 0 $aeng 135 $aurmn|---annan 181 $ctxt$2rdacontent 182 $cc$2rdamedia 183 $acr$2rdacarrier 200 00$aPhysiology in Extreme Conditions: Adaptations and Unexpected Reactions 210 $cFrontiers Media SA$d2017 215 $a1 online resource (133 p.) 225 1 $aFrontiers Research Topics 311 08$a2-88945-338-3 330 $aPhysiology in extreme conditions can reveal important reactions of the human body, which help our assessment of limits emerging under healthy conditions and critical signals of transition toward disease. While many mechanisms could simply be associated with adaptations, others refer to unexpected reactions in response to internal stimuli and/or external abrupt changes. 517 $aPhysiology in Extreme Conditions 606 $aPhysiology$2bicssc 610 $aadaptation 610 $aextreme environments 610 $aheart disease 610 $ahomeostasis 610 $apsychiatry 610 $aspace 610 $asports 610 $aunderwater 615 7$aPhysiology 700 $aMaria G. Trivella$4auth$01326670 702 $aAntonio L'Abbate$4auth 702 $aEnrico Capobianco$4auth 906 $aBOOK 912 $a9910261138503321 996 $aPhysiology in Extreme Conditions: Adaptations and Unexpected Reactions$93037646 997 $aUNINA